アメリカ合衆国の省 - Statistics

General Stats
  • This quiz has been taken 49 times
  • The average score is 4 of 15
Answer Stats
名称 設置年 % Correct
財務省 1789年
74%
国防総省 1947年
68%
内務省 1849年
55%
国務省 1789年
42%
労働省 1913年
26%
エネルギー省 1977年
26%
教育省 1979年
26%
商務省 1903年
23%
司法省 1870年
19%
農務省 1889年
19%
退役軍人省 1989年
16%
運輸省 1966年
13%
保健福祉省 1953年
6%
国土安全保障省 2002年
6%
住宅都市開発省 1965年
3%
No matching quizzes found
Score Distribution
Percent of People with Each Score
Percentile by Number Answered
Your Score History
You have not taken this quiz